Πρώται βοήθειαι
Αποθηκεύτηκε σε:
| Κύριος συγγραφέας: | |
|---|---|
| Μορφή: | Βιβλίο |
| Γλώσσα: | Greek |
| Δημοσίευση: |
Αθήναι :
[χ.ό.],
1966
|
| Έκδοση: | 3η έκδ. |
| Θέματα: | |
| Ετικέτες: |
Προσθήκη ετικέτας
Δεν υπάρχουν, Καταχωρήστε ετικέτα πρώτοι!
|
MARC
| LEADER | 00000cam a2200000 i 4500 | ||
|---|---|---|---|
| 001 | 1/100161 | ||
| 008 | 090105s1966 gre d | ||
| 035 | |l 10102748 | ||
| 040 | |a GR-MY-UA |b gre |e aacr | ||
| 041 | 0 | |a gre | |
| 082 | 0 | |a 616.0252 |2 (22) | |
| 100 | 1 | |a Κοδελλάς, Κωνσταντίνος Π. | |
| 245 | 1 | 0 | |a Πρώται βοήθειαι / |c Κωνσταντίνου Π. Κορδελλά |
| 250 | |a 3η έκδ. | ||
| 260 | |a Αθήναι : |b [χ.ό.], |c 1966 | ||
| 300 | |a 308 σ.; |c 22 εκ. | ||
| 650 | 0 | 0 | |a First aid in illness and injury. |
| 852 | |a INST |b RHODES |c AKA |e 20090105 |h 616.0252 ΚΟΔ |p 005400031729 |q 005400031729 |t BK |y 0 | ||
| 901 | |a BIBL4-2008-3 | ||
| 909 | |a Ρ |b 156759 | ||
| 970 | |a ΚΟΖΑ |b ΜΑΡΙΑ |z 2008/12/19 | ||